000 00790nam a2200193 i 4500
001 125556
003 ES-MaACL
005 20230906192643.0
007 t|
008 070619s1917 sp ||||1| spa d
100 1 _aSanz Arizmendi, Claudio.
_9103608
245 1 3 _aUn contrato del siglo XIII /
_cClaudio Sanz Arizmendi.
260 _aMadrid :
_bAsociación Española para el Progreso de las Ciencias,
_c1917.
300 _a[6] p. ;
_c26 cm.
500 _aSeparata de: Congreso de Sevilla, Tomo VIII, Sección 6ª, Ciencias Históricas Filosóficas y Filológicas.
710 2 _aAsociación Española para el Progreso de las Ciencias.
_91705
710 2 _aAsociación Española para el Progreso de las Ciencias.
_bCongreso (
_n6º.
_d1917.
_cSevilla)
_935
852 4 _aES-MaACL
_j1572-F-1
999 _c125556
_d125556